000
00260nam a2200109Ia 4500
008
190216s9999||||xx |||||||||||||| ||und||
100
_a
Suseela N
245
0
_a
Hindi-Veera Durga Das
260
_b
Kamadev Mahila Bindu Prakashan
650
_a
Hindi
942
_c
BK
999
_c
15292
_d
15292